000 00903nam a2200217Ia 4500
003 GCL
008 140319s9999 xx 000 0 ara d
040 _aGCL /
_cGCL
082 0 4 _a001.6424
_bم م
100 1 _aمحمد رشاد الدين مصطفى حسين
245 1 0 _aمعالجة النصوص باستخدام وورد برفكت WORD PERFECT 5.1 /
_cمحمد رشاد الدين مصطفى حسين
700 1 _aمحمد رشاد مصطفى العيسوى
700 1 _aعلاء الدين محمد حافظ
260 _a[S.N] :
_bمؤسسة جمال الجاسم للالكترونيات ،
_c1992
490 _aالهيئة العامة للاستعلامات
_v0
650 0 4 _aالحاسبات الالكترونية
650 0 4 _aنظم المعلومات
650 0 4 _aوورد بيرفكت
650 0 4 _aالحاسبات الالكترونية - برامج
942 _2ddc
_cBK
999 _c53389
_d53389